000 00276nam a2200097Ia 4500
008 220204s9999 xx 000 0 und d
082 _aNR:339.13 (595)
_bMAR.15
245 0 _aMarketing Malaysian rubber products overseas. V 15
260 _aKuala Lumpur
_bMRRDB
_c1979
942 _cBK
999 _c34270
_d34270